Mine Pumps,Haulage and Winding (Record no. 5276)

MARC details
000 -LEADER
fixed length control field 00339nam a22001457a 4500
005 - DATE AND TIME OF LATEST TRANSACTION
control field 20161022145628.0
008 - FIXED-LENGTH DATA ELEMENTS--GENERAL INFORMATION
fixed length control field 161022b xxu||||| |||| 00| 0 eng d
041 ## - LANGUAGE CODE
Language code of text/sound track or separate title eng
100 ## - MAIN ENTRY--AUTHOR NAME
Personal name Ghatak,S
245 ## - TITLE STATEMENT
Title Mine Pumps,Haulage and Winding
260 ## - PUBLICATION, DISTRIBUTION, ETC. (IMPRINT)
Name of publisher Coalfield
300 ## - PHYSICAL DESCRIPTION
Number of Pages 520
650 ## - SUBJECT ADDED ENTRY--TOPICAL TERM
Topical Term Mining Engineering
942 ## - ADDED ENTRY ELEMENTS (KOHA)
Koha item type Books
Holdings
Lost status Damaged status Collection code Home library Current library Shelving location Date acquired Source of acquisition Cost, normal purchase price Full call number Accession Number Koha item type
    MINING JRU Library   SHELF-94-D 22/10/2016 Purchase 480.00 622.6 21336 Books
    MINING JRU Library JRU Library SHELF-94-D 22/10/2016 Purchase 480.00 622.6 21337 Books
    MINING JRU Library JRU Library SHELF-94-D 22/10/2016 Purchase 480.00 622.6 21338 Books
    MINING JRU Library JRU Library SHELF-60-E 22/10/2016 Purchase 480.00 622.6 21339 Books
    MINING JRU Library   SHELF-6-C 22/10/2016 Purchase 480.00 622.6 21340 Books